00385naa a2200121 a 450000100080000000500110000800800410001910000180006024500440007826000090012270000180013177301140014918359922010-01-10 1982 bl --- 0-- u #d1 aTAYLOR, J. A. aDrying and dormency in malting barleys. c19821 aPALMER, G. H. tHome-grown Cereals Authority Progress Reports on Research and Development, 1980/1981, London, p. 11-16, 1982.